书目信息 |
| 题名: |
先做生意 后做朋友
|
|
| 作者: | 寿韶峰 编著 | |
| 分册: | ||
| 出版信息: | 北京 中国友谊出版公司 2010.01 |
|
| 页数: | 196页 | |
| 开本: | 24cm | |
| 丛书名: | ||
| 单 册: | ||
| 中图分类: | F715 | |
| 科图分类: | ||
| 主题词: | 商业经营--人间关系--通俗读物 | |
| 电子资源: | ||
| ISBN: | 978-7-5057-2675-8 | |
| 000 | 00817nam0 2200241 450 | |
| 001 | 012010611057 | |
| 005 | 20100522161739.76 | |
| 009 | 012004426621 | |
| 010 | @a978-7-5057-2675-8@dCNY28.80 | |
| 100 | @a20100515d2010 em y0chiy0110 ea | |
| 101 | 0 | @achi |
| 102 | @aCN@b110000 | |
| 105 | @ay z 000yy | |
| 200 | 1 | @a先做生意 后做朋友@Axian zuo sheng yi hou zuo peng you@d= Do business first and then friends@f寿韶峰编著@zeng |
| 210 | @a北京@c中国友谊出版公司@d2010.01 | |
| 215 | @a196页@d24cm | |
| 330 | @a本书揭开了商业欺诈的“友情”面纱,指出左手生意、右手朋友的不二法则——先做生意,后做朋友。 | |
| 510 | 1 | @aDo business first and then friends@zeng |
| 606 | 0 | @a商业经营@x人间关系@j通俗读物 |
| 690 | @aF715@v4 | |
| 701 | 0 | @a寿韶峰@Ashou shao feng@4编著 |
| 801 | 0 | @aCN@c20100515 |
| 905 | @dF715@eS623@f3 | |
| 先做生意 后做朋友= Do business first and then friends/寿韶峰编著.-北京:中国友谊出版公司,2010.01 |
| 196页;24cm |
| ISBN 978-7-5057-2675-8:CNY28.80 |
| 本书揭开了商业欺诈的“友情”面纱,指出左手生意、右手朋友的不二法则——先做生意,后做朋友。 |
| ● |
| 相关链接 |
|
|
|
正题名:先做生意 后做朋友
索取号:F715/S623
 
预约/预借
| 序号 | 登录号 | 条形码 | 馆藏地/架位号 | 状态 | 备注 |